Central Library OPAC University of Rajshahi

Essays on some unsettled questions of political economy / (Record no. 42993)

MARC details
000 -LEADER
fixed length control field 00860cam a22002411 4500
001 - CONTROL NUMBER
control field 42993
003 - CONTROL NUMBER IDENTIFIER
rucl marc code BD-RjUL
005 - DATE AND TIME OF LATEST TRANSACTION
control field 20211209053628.0
008 - FIXED-LENGTH DATA ELEMENTS--GENERAL INFORMATION
fixed length control field 870924r19481844enk 000 0 eng
035 ## - SYSTEM CONTROL NUMBER
System control number (BD-RjUL)43111
040 ## - CATALOGING SOURCE
Original cataloging agency DLC
Transcribing agency OrPS
Modifying agency BD-RjUL
Language of cataloging eng
041 ## - LANGUAGE CODE
Language code of text/sound track or separate title eng
082 ## - DEWEY DECIMAL CLASSIFICATION NUMBER
Classification number 330
Edition number 23
Author mark and year MIE 1948
100 1# - MAIN ENTRY--PERSONAL NAME
Personal name Mill, John Stuart
Dates associated with a name 1806-1873.
9 (RLIN) 132027
245 10 - TITLE STATEMENT
Title Essays on some unsettled questions of political economy /
Statement of responsibility, etc. By John Stuart Mill
260 ## - PUBLICATION, DISTRIBUTION, ETC. (IMPRINT)
Place of publication, distribution, etc. London :
Name of publisher, distributor, etc. Reprinted by the London School of Economics and Political Science,
Date of publication, distribution, etc. 1948.
300 ## - PHYSICAL DESCRIPTION
Pagination vi, 164 p.
Size 23 cm.
490 0# - SERIES STATEMENT
Series statement Series of reprints of scarce works on political economy,
Volume/sequential designation no. 7
500 ## - GENERAL NOTE
General note "A photolithographic reproduction of the first edition of 1844."
650 #0 - SUBJECT ADDED ENTRY--TOPICAL TERM
Topical term or geographic name as entry element Economics.
9 (RLIN) 132028
Topical term or geographic name as entry element Classical school of economics.
9 (RLIN) 132029
942 ## - ADDED ENTRY ELEMENTS (KOHA)
Source of classification or shelving scheme Dewey Decimal Classification
Koha item type Books
Holdings
Lost status Source of classification or shelving scheme Damaged status Not for loan Collection code Permanent Location Current Location Shelving location Date acquired Source of acquisition Cost, normal purchase price Total Checkouts Full call number Date last seen Copy number Koha item type
  Dewey Decimal Classification     Non-fiction Central Library, University of Rajshahi Central Library, University of Rajshahi   13/11/1956 Blackwell 10.00   330 MIE 1948 18/06/2016 C-2 Books